Gaming Quiz

Random Gaming or Pokémon Quiz

Pokemon Moves by Letter: D Quiz Stats

 Plays Quiz not verified by Sporcle

Also try: Poker Hands
Challenge
Share
Tweet
Embed
Score 0/40 Timer 13:00
0 Plays Today
Answer % Correct
Dragon Dance
89.1%
Dragon Rage
87.2%
Double Team
84%
Dragon Tail
84%
Doubleslap
83.3%
Dragonbreath
82.7%
Dark Pulse
81.4%
Dig
81.4%
Dragon Rush
81.4%
Dragon Claw
80.8%
Dragon Pulse
80.8%
Double Kick
78.8%
Draco Meteor
77.6%
Double Hit
74.4%
Dream Eater
74.4%
Drain Punch
72.4%
Dynamicpunch
72.4%
Dive
71.2%
Dark Void
69.9%
Dragon Hammer
69.1%
Answer % Correct
Doom Desire
65.4%
Double Edge
65.4%
Dragon Ascent
65.4%
Dizzy Punch
60.9%
Drill Peck
60.9%
Destiny Bond
60.3%
Detect
59.6%
Dual Chop
59%
Drill Run
57.7%
Devastating Drake
57.4%
Defense Curl
57.1%
Darkest Lariat
55.9%
Dazzling Gleam
55.1%
Discharge
55.1%
Disable
52.6%
Defend Order
51.9%
Draining Kiss
51.9%
Diamond Storm
50%
Defog
46.2%
Disarming Voice
42.3%

You're not logged in!

Compare scores with friends on all Sporcle quizzes.
Join for Free
OR
Log In

You Might Also Like...

Show Comments

Extras

Created Sep 14, 2015ReportNominate
Tags:Pokémon Quiz

Top Quizzes Today


Score Distribution

Your Account Isn't Verified!

In order to create a playlist on Sporcle, you need to verify the email address you used during registration. Go to your Sporcle Settings to finish the process.

Report this User

Report this user for behavior that violates our Community Guidelines.

Details: